书目信息 |
| 题名: |
多肉老桩塑形出彩技艺
|
|
| 作者: | 杨帅 编著 | |
| 分册: | ||
| 出版信息: | 福州 福建科学技术出版社 2020.01 |
|
| 页数: | 151页 | |
| 开本: | 24cm | |
| 丛书名: | ||
| 单 册: | ||
| 中图分类: | S682.33 | |
| 科图分类: | ||
| 主题词: | 多浆植物--duo jiang zhi wu--观赏园艺 | |
| 电子资源: | ||
| ISBN: | 978-7-5335-5892-5 | |
| 000 | 00875nam0 2200217 450 | |
| 001 | 2056624505 | |
| 005 | 20201105154351.89 | |
| 010 | @a978-7-5335-5892-5@dCNY55.00 | |
| 100 | @a20191209d2020 em y0chiy50 ea | |
| 101 | 0 | @achi |
| 102 | @aCN@b350000 | |
| 105 | @aa z 000yy | |
| 200 | 1 | @a多肉老桩塑形出彩技艺@Aduo rou lao zhuang su xing chu cai ji yi@f杨帅编著 |
| 210 | @a福州@c福建科学技术出版社@d2020.01 | |
| 215 | @a151页@c彩图@d24cm | |
| 330 | @a本书主要介绍多肉植物, 重点是景天科多肉植物的老桩塑形出彩技艺。作者从两万多株老桩中挑选出了数百棵老桩, 跟踪多年, 拍摄记录了其成长、历练过程。书中叙述了多肉植物老桩基质配制、盆器搭配、上盆种植、形态塑造、修整护形、上色出彩、日常养护等内容。 | |
| 606 | 0 | @a多浆植物@Aduo jiang zhi wu@x观赏园艺 |
| 690 | @aS682.33@v5 | |
| 701 | 0 | @a杨帅@Ayang shuai@4编著 |
| 801 | 0 | @aCN@b人天书店@c20200929 |
| 905 | @aZUCC@dS682.33@eY273 | |
| 多肉老桩塑形出彩技艺/杨帅编著.-福州:福建科学技术出版社,2020.01 |
| 151页:彩图;24cm |
| ISBN 978-7-5335-5892-5:CNY55.00 |
| 本书主要介绍多肉植物, 重点是景天科多肉植物的老桩塑形出彩技艺。作者从两万多株老桩中挑选出了数百棵老桩, 跟踪多年, 拍摄记录了其成长、历练过程。书中叙述了多肉植物老桩基质配制、盆器搭配、上盆种植、形态塑造、修整护形、上色出彩、日常养护等内容。 |
| ● |
| 相关链接 |
|
|
|
正题名:多肉老桩塑形出彩技艺
索取号:S682.33/Y273
 
预约/预借
| 序号 | 登录号 | 条形码 | 馆藏地/架位号 | 状态 | 备注 |
| 1 | 1479752 | 214797521 | 自科库401/401自科库 68排2列5层/ [索取号:S682.33/Y273] | 在馆 | |
| 2 | 1479753 | 214797530 | 自科库401/401自科库 68排2列5层/ [索取号:S682.33/Y273] | 在馆 |